|
|
|
|
| LEADER |
00000nam0a2200000 4500 |
| 001 |
6098 |
| 005 |
20231030175922.0 |
| 010 |
|
|
|a 5120032125
|
| 035 |
|
|
|a (RuTPU)RU\TPU\book\6128
|
| 035 |
|
|
|a BOOK00006183
|
| 090 |
|
|
|a 6098
|
| 100 |
|
|
|a 20011209d1993 k y0rusy50 ca
|
| 101 |
0 |
|
|a rus
|
| 102 |
|
|
|a UA
|
| 105 |
|
|
|a y z 000zy
|
| 200 |
1 |
|
|a Теория ключевых формирователей гармонических колебаний
|f В. Ф. Дмитриков, В. Ю. Тонкаль, М. Я. Островский
|
| 210 |
|
|
|a Киев
|c Наукова думка
|d 1993
|
| 215 |
|
|
|a 312 с.
|
| 610 |
1 |
|
|a инверторы
|
| 610 |
1 |
|
|a преобразовательная техника
|
| 610 |
1 |
|
|a радиоэлектроника силовая
|
| 675 |
|
|
|a 621.314.572
|v 3
|
| 700 |
|
1 |
|a Дмитриков
|b В. Ф.
|g Владимир Федорович
|
| 701 |
|
1 |
|a Тонкаль
|b В. Ю.
|g Владимир Юхимович
|
| 701 |
|
1 |
|a Островский
|b М. Я.
|g Михаил Яковлевич
|
| 801 |
|
0 |
|a RU
|b 63413507
|c 20011209
|g PSBO
|
| 801 |
|
2 |
|a RU
|b 63413507
|c 20060606
|g PSBO
|
| 942 |
|
|
|c BK
|